Najpopularniejsze gry roblox w roku 2025 - Statystyki

Ogólne statystyki
  • Ten quiz został rozwiązany 166 razy
  • Średni wynik to 4 z 10
Statystyki odpowiedzi
Numer Gra % Poprawnych
1 Steal a Brainrot
80%
2 Grow a Garden
69%
8 Brookhaven
58%
3 99 nocy w lesie
51%
7 Adopt me
43%
6 Rivals
38%
4 Blox fruits
29%
10 Fisch
21%
5 Fish It
9%
9 The Forge
9%
Nie znaleziono quizów pasujących do podanych kryteriów
Rozkład punktacji
Procent ludzi z każdym wynikiem
Percentyl według liczby udzielonych odpowiedzi
Twoja historia wyników
Nie rozwiązałeś tego quizu